Pokémon - Champions d'Arène - Charles (D/P/Pt) - Statistiques

Statistiques générales
  • Ce quiz a été pris 33 fois
  • Le résultat moyen est 77 sur 106
Statistiques - réponses
Hint Réponse % Correct
Archéomire
100%
| Bastiodon
100%
| Steelix
100%
Type Acier
94%
Type Psy
94%
Type Roche
94%
Type Sol
94%
Airmure
89%
Magnéton
89%
Magnézone
89%
Type Électrik
83%
CT | Capacités Luminocanon
83%
Type Vol
83%
Niv 36
78%
Niv 38
78%
Objet Baie Sitrus
78%
Capacités Crocs Givre
78%
Ville Joliberges
78%
Capacités Lame de Roc
78%
Talent Lévitation
78%
Badge Mine
78%
Capacités Mur de Fer
78%
Capacités Tonnerre
78%
Niv 37
72%
Niv 39
72%
Niv 41
72%
Capacités Dracosouffle
72%
Capacités Draco-Souffle
72%
Talent Fermeté
72%
Capacités Fulmifer
72%
Galeking
72%
Capacités Séisme
72%
Niv 61
67%
Niv 62
67%
Niv 63
67%
Niv 65
67%
Capacités Onde Folie
67%
Capacités Piège de Roc
61%
Capacités Tomberoche
61%
Capacités Cage Éclair
56%
Capacités Gyroballe
56%
Capacités Extrasenseur
50%
Capacités Repos
50%
Capacités Avalanche
44%
Capacités Bec Vrille
44%
Capacités Hypnose
44%
Talent Magnépiège
44%
Capacités Pouvoir Antique
44%
Talent Tête de Roc
44%
Capacités Triplattaque
44%
Capacités Provoc
39%
Capacités Tempêtesable
39%
Capacités Tranche-Nuit
39%
Capacités Strido-Son
33%
Talent Regard Vif
28%
Objet Baie Maron
22%
Capacités Ultrason
0%
Aucun quiz correspondant
Distribution des résultats
% des personnes avec chaque résultat
Percentile par nombre de réponses
Votre historique - résultats
Vous n’avez pas pris ce quiz